000 00982nam a22002177a 4500
003 OSt
005 20260127153716.0
008 230719b ||||| |||| 00| 0 eng d
040 _cSSBUL
041 _ashan
082 _223
_a895.9191
100 0 _aဝၸီႇပိၵ်ႉ(ၵဵင်းတုင်)၊
_cၸဝ်ႈ။
_928162
245 1 0 _aဝွၵ်းတူၼ်ႈမႆႉလူင်ႁိမ်းတၢင်းလႄႈ ဢပုမ်ႇဢွၼ်ႇတႄႉ မီးၼင်ႇၼႆၵူၺ်း /
_cၸဝ်ႈဝၸီႇပိၵ်ႉ(ၵဵင်းတုင်)၊ ပိၼ်ႇၽၢႆႇတႆး - ၸဝ်ႈသုၶမ်း(တၢင်ႉယၢၼ်း)။
260 _c2009 ။
300 _a159 ၼႃႈ၊
_bပႃးႁၢင်ႈ၊
_c18 ၸိၼ်ႇတီႇ။
500 _aS-SAT: Dr. Prof Sai Aung Tun
650 _aဝွၵ်း - ဢပုမ်ႇ
_928163
942 _cBK
942 _2ddc
942 _2ddc
999 _c27339
_d27339